The principles of production control (Record no. 77355)

MARC details
000 -LEADER
fixed length control field 00839nam a2200169 a 4500
008 - FIXED-LENGTH DATA ELEMENTS--GENERAL INFORMATION
fixed length control field 120416s1978 ||||||||||||||||| || u
050 ## - LIBRARY OF CONGRESS CALL NUMBER
Classification number T 56 Bur
100 ## - MAIN ENTRY--PERSONAL NAME
Personal name Burbidge, John L
245 14 - TITLE STATEMENT
Title The principles of production control
250 ## - EDITION STATEMENT
Edition statement 4th ed.
260 ## - PUBLICATION, DISTRIBUTION, ETC.
Place of publication, distribution, etc. London
Name of publisher, distributor, etc. The English Language Book Society
Date of publication, distribution, etc. [1978]
300 ## - PHYSICAL DESCRIPTION
Extent xvii, 588p. : ill.
350 ## -
-- 0.00
995 ## -
-- ANNEX COLLECTION (Main Library)
-- 0.00
-- 716645
-- CBU-MAIN LIBRARY (Kitwe)
-- 3
-- 0.00
-- T 56 Bur
-- 1
-- AVAILABLE
-- 026688
-- Annex Low-Usage Collection
995 ## -
-- ANNEX COLLECTION (Main Library)
-- 0.00
-- 702503
-- CBU-MAIN LIBRARY (Kitwe)
-- 1
-- 0.00
-- T 56 Bur
-- 2
-- AVAILABLE
-- 026692
-- Annex Low-Usage Collection
995 ## -
-- ANNEX COLLECTION (Main Library)
-- 0.00
-- 702502
-- CBU-MAIN LIBRARY (Kitwe)
-- 2
-- 0.00
-- T 56 Bur
-- 3
-- AVAILABLE
-- 026691
-- Annex Low-Usage Collection
999 ## -
-- 77355
-- 77355
Holdings
Withdrawn status Lost status Source of classification or shelving scheme Damaged status Not for loan Permanent Location Current Location Shelving location Date acquired Total Checkouts Full call number Barcode Date last seen Copy number Price effective from Koha item type
          CBU-MAIN LIBRARY, KITWE. CBU-MAIN LIBRARY, KITWE.   04/25/2023   T 56 Bur 026688 04/25/2023 1 04/25/2023 MONOGRAPH
          CBU-MAIN LIBRARY, KITWE. CBU-MAIN LIBRARY, KITWE.   04/25/2023   T 56 Bur 026692 04/25/2023 2 04/25/2023 MONOGRAPH
Withdrawn         CBU-MAIN LIBRARY, KITWE. CBU-MAIN LIBRARY, KITWE.   04/25/2023   T 56 Bur 026691 04/25/2023 3 04/25/2023 MONOGRAPH